skbl

Dr Suryya Kumar Bhuyan Library Web-OPAC
ডঃ সূৰ্য্য
কুমাৰ ভূঞা পুথিভঁৰাল ৱেব-অ'পেক

All Research Scholars are advised to clear the annual library fees to continue using Library Resources, Remote Access, Plagiarism Test and Library Clearance.

Cotton University Book Fair 2026

Introduction to spectroscopy (Record no. 66100)

MARC details
000 -LEADER
fixed length control field 00607nam a2200205Ia 4500
001 - CONTROL NUMBER
control field 65000
008 - FIXED-LENGTH DATA ELEMENTS--GENERAL INFORMATION
fixed length control field 220128n ii |||gr||||Z||||||465
020 ## - INTERNATIONAL STANDARD BOOK NUMBER
International Standard Book Number 9788131529164
082 ## - DEWEY DECIMAL CLASSIFICATION NUMBER
Classification number 547
100 ## - MAIN ENTRY--PERSONAL NAME
Personal name Pavia, Donald L,
Relator term Author.
245 #0 - TITLE STATEMENT
Title Introduction to spectroscopy
Statement of responsibility, etc. Donald L Pavia
Medium Textual Documents
250 ## - EDITION STATEMENT
Edition statement 5th ed.
260 ## - PUBLICATION, DISTRIBUTION, ETC.
Place of publication, distribution, etc. Delhi:
Name of publisher, distributor, etc. Cengage Learning India Private Limited,
Date of publication, distribution, etc. 2019.
300 ## - PHYSICAL DESCRIPTION
Extent xvii, I-12p.:
Dimensions 26cm.
653 ## - INDEX TERM--UNCONTROLLED
Uncontrolled term Spectroscopy
700 ## - ADDED ENTRY--PERSONAL NAME
Personal name Lampman, Gary M,
Relator term Author.
700 ## - ADDED ENTRY--PERSONAL NAME
Personal name Kriz, George S,
Relator term Author.
700 ## - ADDED ENTRY--PERSONAL NAME
Personal name Vyvyan, James R,
Relator term Author.,
942 ## - ADDED ENTRY ELEMENTS (KOHA)
Source of classification or shelving scheme Dewey Decimal Classification
Koha item type Books
Holdings
Withdrawn status Lost status Damaged status Not for loan Collection Home library Current library Date acquired Source of acquisition Coded location qualifier Total checkouts Full call number Barcode Date last seen Date last checked out Copy number Price effective from Koha item type Public note
          Dr. Suryya Kumar Bhuyan Library Dr. Suryya Kumar Bhuyan Library 28/01/2022 20 00000 2 547.30858 P279I 2899/CU/CHM 26/06/2025 18/03/2025 1 28/01/2022 Books 20

Designed and Maintained by Team SKBL
©1901-2026

Powered by Koha